000 00596nam a22002297a 4500
003 UA-OsUOA
001 32028
007 ta
008 20050119b un ||||| |||| 00| 0 ukr d
090 _a141.82
_bЛ45
942 _cBK
040 _aUA-OsUOA
_brus
_cUA-OsUOA
_dUA-OsUOA
245 _aВ. И. Ленин, КПСС о боротьбе с контрреволюцией
_cСост. Г. С.Хохлюк
300 _a416 с.
955 _a0
041 _arus
080 _a141.82
260 _aМосква
_bПолитиздат
_c1978
044 _aRU
650 7 _2UDC
999 _c318465
_d318465